Поезії (Запис № 580703)

МАРК-запис
000 -Лідер
fixed length control field 02294 a2200265 4500
001 - Контрольний номер
control field 2162214035926813
003 - Ідентифікатор контрольного номера
control field UA-OsUOA
005 - Дата та час останнього входження (трансакції)
control field 20260514130645.0
008 - Елементи даних фіксованої довжини – загальна інформація
fixed length control field 260514b un c|||| |||| 00| pdukr d
040 ## - Джерело каталогізації
Агенція оригінальної каталогізації UA-OsUOA
Мова каталогізації ukr
Агенція, яка здійснювала перезапис UA-OsUOA
Агенція, яка здійснювала модифікацію UA-OsUOA
041 ## - Код мови
Код мови тексту/ звукової доріжки чи окремого заголовка (П) ukr
080 ## - Індекс Універсальної десяткової класифікації
Індекс Універсальної десяткової класифікації (УДК) (НП) 821.161.2(83)
090 ## - Локальний шифр розміщення
Класифікаційний індекс УДК 821.161.2(83)
Авторський знак (НП) М65
100 ## - Основне введення – ім’я особи
Ім’я особи (НП) Містраль Г.
9 (RLIN) 25241
245 ## - Відомості про назву
Назва (НП) Поезії
Дані про відповідальність (НП) упоряд. перед. М. Литвинця
260 ## - Публікація, розповсюдження і т.п. (Вихідні дані)
Ім’я/ наймення видавництва, розповсюджувача і т.п. (П) Дніпро
Дата публікації, розповсюдження і т.п. (П) 1984
Місце публікації, розповсюдження і т.п. (П) Київ
300 ## - Фізичний опис
Обсяг 142 с.
490 ## - Область серії
Назва серії Перлини світової лірики
520 ## - Резюме і т.п.
Резюме, реферат, анотація, тощо (НП) Збірка представляє українському читачеві самобутню творчість Ґабріели Містраль (1889–1957) — видатної чилійської поетеси, мислительки, педагога та першої серед латиноамериканських письменників лауреатки Нобелівської премії з літератури (1945). До книги увійшли її найкращі ліричні твори з ключових збірок, таких як «Відчай», «Тала» та «Борозна». Поезія Містраль глибоко емоційна, драматична й щира. Вона просякнута темами трагічного кохання, материнства, захисту знедолених, скорботи за втраченим та релігійно-філософських роздумів, що переплітаються з неповторним колоритом латиноамериканської природи.<br/>Упорядкування книги та ґрунтовну передмову здійснив відомий український перекладач та поет Михайло Литвинець. Твори подано у перекладах провідних українських майстрів слова.
650 ## - Додаткове предметне введення – тематичний термін
Тематичний термін чи географічна назва, як елемент введення (НП) 82 Література. Літературознавство
9 (RLIN) 15
700 1# - Додаткове введення – ім'я особи
Ім’я особи (НП) Литвинець М.
9 (RLIN) 25242
942 ## - Додаткові елементи входу (Коха)
Тип елемента Koha Книги
Source of classification or shelving scheme Universal Decimal Classification
955 ## - Код типу видання за змістом
Код типу видання за змістом (НП) Літературно-художні видання
Фонди
Стан вилучень Стан втрат Джерело класифікації або схеми стелажів Стан уражень Не для кредиту Код колекції Постійне місце розташування Поточне розміщення Дата придбання Джерело придбання Вартість, звичайна ціна покупки Інвентарний номер Усього замовленно Повний номер виклику Штрих-код Дата останнього перегляду Вартість, ціна заміни Ціна ефективна від Тип елемента Koha
    Universal Decimal Classification     Колекція Шевчука Валерія АБ - Абонемент НБ АБ - Абонемент НБ 14/05/2026 Акт №24/28.04.2026 15.00 169937   821.161.2(83) М65 169937 14/05/2026 15.00 14/05/2026 Книги